header

Ecosystem concepts for sustainable bivalve mariculture (Record no. 205832)

MARC details
000 -LEADER
fixed length control field 02040nam a2200337 a 4500
245 00 - TITLE STATEMENT
Title Ecosystem concepts for sustainable bivalve mariculture
260 ## - PUBLICATION, DISTRIBUTION, ETC. (IMPRINT)
Place of publication Washington, D.C. :
Name of publisher National Academies Press,
Year of publication 2010.
300 ## - PHYSICAL DESCRIPTION
Number of Pages x, 179 p.
505 0# - FORMATTED CONTENTS NOTE
Formatted contents note Introduction -- Best management practices and performance standards -- Ecological effects of bivalve mariculture -- Bivalve mariculture contrasted with wild fisheries -- Carrying capacity and bivalve mariculture -- Economic and policy factors affecting bivalve mariculture -- Ecosystem services of bivalves : implications for restoration.
650 #0 - SUBJECT ADDED ENTRY--TOPICAL TERM
Topical Term Bivalve culture
Topical Term Bivalve culture
Topical Term Mariculture
Topical Term Shellfish fisheries
856 40 - ELECTRONIC LOCATION AND ACCESS
Uniform Resource Identifier http://site.ebrary.com/lib/rucke/Doc?id=10379902

No items available.

© 2026 Rongo University
Contact us: librarian | system librarian | Rongo university